Statistics for Tabla periodica comunes

Click here to take the quiz!

General Stats

  • This quiz has been taken 220 times
  • The average score is 41 of 49

Answer Stats

NombreContestacion% Correct
FluorF
99%
NiquelNi
91%
HelioHe
90%
TitanioTi
90%
CarbonoC
89%
YodoI
89%
SilicioSi
89%
CloroCl
88%
MagnesioMg
88%
BismutoBi
87%
GermanioGe
87%
HidrogenoH
87%
ManganesoMn
87%
FosforoP
87%
XenonXe
87%
BarioBa
85%
KriptonKr
85%
OxigenoO
85%
PlatinoPt
85%
ArsenicoAs
84%
BoroB
84%
CromoCr
84%
LitioLi
84%
SodioNa
84%
NeonNe
84%
SelenioSe
84%
UranioU
84%
AluminioAl
83%
ArgonAr
83%
BromoBr
83%
PotasioK
83%
LantanoLa
83%
NitrogenoN
83%
OroAu
80%
CalcioCa
80%
HierroFe
80%
RubidioRb
80%
AzufreS
80%
ZincZn
80%
CadmioCd
79%
CobaltoCo
79%
MercurioHg
79%
CobreCu
78%
PlataAg
77%
EstroncioSr
76%
EstanoSn
74%
PlomoPb
70%
ActinioAc
66%
AntimonioSb
56%

Score Distribution

Percentile by Number Answered

Percent of People with Each Score

Your Score History

You have not taken this quiz